Environmental holocaust in Himalaya (Record no. 342005)

000 -LEADER
fixed length control field 00351cam a22001217a 4500
008 - FIXED-LENGTH DATA ELEMENTS--GENERAL INFORMATION
fixed length control field 180718b1989 xxu||||| |||| 00| 0 eng d
082 ## - DEWEY DECIMAL CLASSIFICATION NUMBER
Classification number O91x5432
245 ## - TITLE STATEMENT
Title Environmental holocaust in Himalaya
Statement of responsibility, etc. edited by S.K. Chadha
260 ## - PUBLICATION, DISTRIBUTION, ETC.
Place of publication, distribution, etc. Delhi
Name of publisher, distributor, etc. Ashish
Date of publication, distribution, etc. 1989
300 ## - PHYSICAL DESCRIPTION
Extent 255p.
650 ## - SUBJECT ADDED ENTRY--TOPICAL TERM
Topical term or geographic name entry element Environment - India - Himachal Pradesh
700 ## - ADDED ENTRY--PERSONAL NAME
Personal name Chadha, S.K.
Holdings
Withdrawn status Lost status Damaged status Not for loan Permanent Location Current Location Date acquired Full call number Barcode Date last seen Price effective from Koha item type
        Indian Institute of Public Administration Indian Institute of Public Administration 1993-09-21 O91x5432 65045 2018-07-21 2018-07-21 Book

Powered by Koha